00351nam a2200133Ia 4500008004100000020001500041041001200056100002000068245005400088260003900142300001000181650001000191700001600201221030s9999 xx 000 0 und d a8120003500 aEnglish aV. P. Vasandani 0aHeat Engineeringcby V. P. Vasandani, D. S. Kumar bMetropolitan Pub.aNew Delhic2012 a19.24 aCivil aD. S. Kumar